General chemistry : (Record no. 25707)

MARC details
000 -LEADER
fixed length control field 01459cam a22003855i 4500
001 - CONTROL NUMBER
control field 013453600
003 - CONTROL NUMBER IDENTIFIER
control field EG-ScBUE
005 - DATE AND TIME OF LATEST TRANSACTION
control field 20250702092349.0
006 - FIXED-LENGTH DATA ELEMENTS--ADDITIONAL MATERIAL CHARACTERISTICS--GENERAL INFORMATION
fixed length control field m||||fq||h 000 0
008 - FIXED-LENGTH DATA ELEMENTS--GENERAL INFORMATION
fixed length control field 060424t2007 njua f b 001 0 eng d
020 ## - INTERNATIONAL STANDARD BOOK NUMBER
International Standard Book Number 0131988255 (international ed. : pbk.)
020 ## - INTERNATIONAL STANDARD BOOK NUMBER
International Standard Book Number 9780131988255 (international ed. : pbk.)
040 ## - CATALOGING SOURCE
Original cataloging agency EG-ScBUE
Language of cataloging eng
Description conventions rda
Transcribing agency EG-ScBUE
Modifying agency EG-ScBUE
082 04 - DEWEY DECIMAL CLASSIFICATION NUMBER
Classification number 540
Item number GEN
Edition number 22
245 00 - TITLE STATEMENT
Title General chemistry :
Remainder of title principles and modern applications /
Statement of responsibility, etc Ralph H. Petrucci, California State University, San Bernardino, [and three others]
250 ## - EDITION STATEMENT
Edition statement Ninth edition.
264 #1 - PUBLICATION, DISTRIBUTION, ETC. (IMPRINT)
Place of publication, distribution, etc Upper Saddle River, New Jersey :
Name of publisher, distributor, etc Pearson Education International,
Date of publication, distribution, etc [2007]
264 #4 - PUBLICATION, DISTRIBUTION, ETC. (IMPRINT)
Date of publication, distribution, etc c2007
300 ## - PHYSICAL DESCRIPTION
Extent 1 volume (various pagings) :
Other physical details illustrations (chiefly color) ;
Dimensions 28 cm +
Accompanying material 1 CD
336 ## - CONTENT TYPE
Source rdacontent
Content type term text
Content type code txt
336 ## - CONTENT TYPE
Source rdacontent
Content type term sounds
Content type code snd
337 ## - MEDIA TYPE
Media type term unmediated
Source rdamedia
Media type code n
337 ## - MEDIA TYPE
Media type term audio
Source rdamedia
Media type code s
338 ## - CARRIER TYPE
Carrier type term volume
Carrier type code nc
Source rdacarrier
338 ## - CARRIER TYPE
Carrier type term computer disc
Carrier type code cd
Source rdacarrier
500 ## - GENERAL NOTE
General note Includes Access code for online course materials.
500 ## - GENERAL NOTE
General note Includes glossary.<br/>
504 ## - BIBLIOGRAPHY, ETC. NOTE
Bibliography, etc Includes bibliographical references and index.
650 #7 - SUBJECT ADDED ENTRY--TOPICAL TERM
Topical term or geographic name as entry element Chemistry
Form subdivision Problems, exercises, etc.
Source of heading or term BUEsh
650 #7 - SUBJECT ADDED ENTRY--TOPICAL TERM
Topical term or geographic name as entry element Chemistry
Form subdivision Textbooks.
Source of heading or term BUEsh
653 ## - INDEX TERM--UNCONTROLLED
Resource For college Engineering, Chemical
-- Generalities
Arrived date list December2017
655 ## - INDEX TERM--GENRE/FORM
Form subdivision Reading book
700 1# - ADDED ENTRY--PERSONAL NAME
9 (RLIN) 30065
Personal name Petrucci, Ralph H.,
Relator term author.
942 ## - ADDED ENTRY ELEMENTS (KOHA)
Source of classification or shelving scheme Dewey Decimal Classification
Koha item type Book - Borrowing
Holdings
Withdrawn status Lost status Source of classification or shelving scheme Damaged status Not for loan Collection code Home library Current library Shelving location Date acquired Source of acquisition Total Checkouts Full call number Barcode Date last seen Price effective from Koha item type Public note Total Renewals Date checked out
    Dewey Decimal Classification     Donation-Gift Central Library Central Library First floor 06/12/2017 Donation   540 GEN 000042614 15/07/2025 06/12/2017 Book - Borrowing      
    Dewey Decimal Classification     Donation-Gift Central Library Central Library First floor 14/12/2017 Donation   540 GEN 000042645 24/08/2022 14/12/2017 CD | DVD - With book CD. 1    
    Dewey Decimal Classification     Donation-Gift Central Library Central Library First floor 14/12/2017 Donation   540 GEN 000042648 24/08/2022 14/12/2017 CD | DVD - With book CD. 2    
    Dewey Decimal Classification     Donation-Gift Central Library Central Library First floor 14/12/2017 Donation 1 540 GEN 000042649 15/07/2025   Book - Borrowing Problems and assignments book 1 03/09/2019
    Dewey Decimal Classification       Central Library Central Library First floor 25/12/2017     540 GEN 000047006 15/07/2025 25/12/2017 Book - Borrowing